<?xml version="1.0" encoding="UTF-8"?><?xml-stylesheet type="text/xsl" href="static/style.xsl"?><OAI-PMH xmlns="http://www.openarchives.org/OAI/2.0/" xmlns:xsi="http://www.w3.org/2001/XMLSchema-instance" xsi:schemaLocation="http://www.openarchives.org/OAI/2.0/ http://www.openarchives.org/OAI/2.0/OAI-PMH.xsd"><responseDate>2026-06-29T02:39:11Z</responseDate><request verb="GetRecord" identifier="oai:docta.ucm.es:20.500.14352/91611" metadataPrefix="marc">https://docta.ucm.es/rest/oai/request</request><GetRecord><record><header><identifier>oai:docta.ucm.es:20.500.14352/91611</identifier><datestamp>2024-12-14T01:11:40Z</datestamp><setSpec>com_20.500.14352_14</setSpec><setSpec>col_20.500.14352_21</setSpec></header><metadata><record xmlns="http://www.loc.gov/MARC21/slim" xmlns:dcterms="http://purl.org/dc/terms/" xmlns:xsi="http://www.w3.org/2001/XMLSchema-instance" xmlns:doc="http://www.lyncode.com/xoai" xsi:schemaLocation="http://www.loc.gov/MARC21/slim http://www.loc.gov/standards/marcxml/schema/MARC21slim.xsd">
   <leader>00925njm 22002777a 4500</leader>
   <datafield ind2=" " ind1=" " tag="042">
      <subfield code="a">dc</subfield>
   </datafield>
   <datafield ind2=" " ind1=" " tag="720">
      <subfield code="a">Gutiérrez Colomer Ruiz, Natalia Paloma</subfield>
      <subfield code="e">author</subfield>
   </datafield>
   <datafield ind2=" " ind1=" " tag="720">
      <subfield code="a">Izquierdo Expósito, Violeta</subfield>
      <subfield code="e">author</subfield>
   </datafield>
   <datafield ind2=" " ind1=" " tag="720">
      <subfield code="a">Llorente Vilasevil, Ana</subfield>
      <subfield code="e">author</subfield>
   </datafield>
   <datafield ind2=" " ind1=" " tag="260">
      <subfield code="c">2023</subfield>
   </datafield>
   <datafield ind2=" " ind1=" " tag="520">
      <subfield code="a">El fenómeno artístico global conocido como arte urbano surge y/o se desarrolla simultáneamente en numerosas ciudades de todo el mundo desde finales de los ochenta, pero sobre todo en los noventa del s.XX. Desde entonces ha ido proliferando y dando como resultado una gran riqueza artística. El caso concreto de la ciudad de Madrid presenta una gran variedad de corrientes artísticas, muchas de ellas relacionadas con movimientos de vanguardia. 
Mediante la presente investigación se han podido documentar decenas de artistas que han actuado en esta metrópolis y que han desarrollado un lenguaje único que en la mayoría de los casos entronca con relevantes corrientes artísticas del siglo XX, como el Expresionismo, la Abstracción, el Pop Art, el Surrealismo, el Situacionismo o el Op-Art. Uno de los pioneros en la ciudad, SpY, ha experimentado además con el Land Art. Este artista fue el primero en desarrollar una corriente cercana al Arte Conceptual y a la Internacional Situacionista, que ha sido seguida por otros creadores, que han destacado en la creación de lo que se ha denominado acciones contextuales.</subfield>
   </datafield>
   <datafield ind1="8" ind2=" " tag="024">
      <subfield code="a">Gutiérrez-Colomer N, Izquierdo Expósito V, Llorente Vilasevil A, Lenguajes artísticos y expresiones estéticas en el arte urbano actual: el caso de Madrid en Estudios sociales, estética, arte, arte y género: nuevos enfoques. Colección Conocimiento Contemporáneo. Cap. 24,  pp. 393-411. Madrid: Dykinson. [ISBN: 978-84-1170-144-0]</subfield>
   </datafield>
   <datafield ind1="8" ind2=" " tag="024">
      <subfield code="a">978-84-1170-144-0</subfield>
   </datafield>
   <datafield ind1="8" ind2=" " tag="024">
      <subfield code="a">https://hdl.handle.net/20.500.14352/91611</subfield>
   </datafield>
   <datafield ind1="8" ind2=" " tag="024">
      <subfield code="a">https://www.dykinson.com/libros/estudios-sociales-estetica-arte-y-genero-nuevos-enfoques/9788411701440/</subfield>
   </datafield>
   <datafield ind2="0" ind1="0" tag="245">
      <subfield code="a">Lenguajes artísticos y expresiones estéticas en el arte urbano actual: el caso de Madrid</subfield>
   </datafield>
</record></metadata></record></GetRecord></OAI-PMH>